La compatibilidad del trabajo con las prestaciones de Seguridad Social

Detalles Bibliográficos
Autor principal: Romero Rodenas, Mara̕ Još
Formato: eBook
Lenguaje:español
Publicado: Albacete: Editorial Bomarzo, 2019
Materias:
Acceso en línea:Acceso restringido

MARC

LEADER 00000nam a22000007a 4500
005 20200303210334.0
007 cr|||| ||||
008 200303s2019 es |||||s|||| 00||0 spa d
020 |a 978-84-17310-83-7 
035 |a 31056 
040 |a vLex 
090 |c 10155  |d 10155 
100 1 |a Romero Rodenas, Mara̕ Još 
245 1 2 |a La compatibilidad del trabajo con las prestaciones de Seguridad Social  |h [Recurso electrn̤ico] /  |c Mara̕ Jos ̌Romero Rodenas 
256 |a Servicio en ln̕ea 
260 |a Albacete:  |b Editorial Bomarzo,  |c 2019 
300 |a 1 recurso electrn̤ico 
500 |a En la actualidad nos encontramos, tal y como viene reconociendo la doctrina y la jurisprudencia mayoritaria, ante un rǧimen de compatibilidades e incompatibilidades que crea ciertas disfunciones y desigualdades de trato entre los propios perceptores y que a nuestro juicio ha sido objeto de una extensa e intensa interpretacin̤ jurisprudencial, lo que contrasta, sin embargo, con un escaso interš por parte de la doctrina iuslaboralista. El presente estudio tiene como objeto el anl̀isis jurd̕ico de los supuestos de compatibilidad entre el trabajo por cuenta ajena con el percibo de una prestacin̤ en el RGSS. 
506 1 |a Disponible solo en los productos indicados  |d vLex Global  |d vLex Global (Academic Edition, excluding Law Schools)  |d vLex Global (U.S. Academic Edition, Law Schools)  |d vLex Global (U.S. Academic Edition, excluding Law Schools)  |d vLex Global (Academic Edition, Law Schools) 
650 0 4 |a Derecho Laboral y Seguridad Social  |z Espaą 
740 0 |a vLex Libros (Servicio en ln̕ea) 
856 4 0 |u http://vlex.com/source/compatibilidad-del-trabajo-con-las-prestaciones-de-seguridad-social-31056  |z Acceso restringido 
942 |c BOOK 
999 0 |a Labor law and social security